Football - Meilleur Buteur de LDC - Statistiques

Statistiques générales
  • Ce quiz a été pris 739 fois
    254 depuis la dernière actualisation
  • Le résultat moyen est 16 sur 21
Statistiques - réponses
Top Pays Club But Réponse % Correct
1 Portugal Manchester United, Real Madrid, Juventus 141 Cristiano Ronaldo
100%
2 Argentine Barcelone, Paris Saint-Germain 129 Lionel Messi
100%
4 France Olympique Lyonnais, Real Madrid 90 Karim Benzema
96%
6 France AS Monaco, Paris Saint-Germain 69 Kylian Mbappe
94%
3 Pologne Borussia Dortmund, Bayern Munich, Barcelone 109 Robert Lewandowski
92%
11 Egypte FC Bâle, Chelsea, AS Rome, Liverpool FC 54 Mohamed Salah
88%
9 Norvège Red Bull Salzbourg, Borussia Dortmund, Manchester City 57 Erling Haaland
87%
19 France Real Sociedad, Atletico Madrid, Barcelone 45 Antoine Griezmann
83%
9 Allemagne Bayern Munich 57 Thomas Müller
83%
15 Suéde Ajax Amsterdam, Juventus, Inter Milan, FC Barcelone, AC Milan, Paris SG, Manchester United 49 Zlatan Ibrahimovic
83%
12 France AS Monaco, Arsenal, Barcelone 51 Thierry Henry
80%
20 Côte d'Ivoire Olympique de Marseille, Chelsea, Galatasaray 44 Didier Drogba
78%
5 Espagne Real Madrid, Schalke 04 71 Raúl
74%
12 Angleterre Tottenham, Bayern Munich 51 Harry Kane
73%
8 Ukraine Dynamo Kiev, AC Milan, Chelsea 59 Andriy Chevtchenko
71%
17 Argentine Atlético de Madrid, Manchester City, FC Barcelone 47 Sergio Agüero
64%
17 Portugal Benfica Lisbonne 47 Eusébio
59%
20 Italie Juventus 44 Alessandro Del Piero
54%
7 Pays-Bas PDV Eindhoven, Manchester United, Real Mdrid 60 Ruud Van Nistelrooy
47%
14 Italie Juventus, AC Milan 50 Filippo Inzaghi
40%
15 Espagne Real Madrid 49 Alfredo Di Stéfano
35%
Aucun quiz correspondant
Distribution des résultats
% des personnes avec chaque résultat
Percentile par nombre de réponses
Votre historique - résultats
Vous n’avez pas pris ce quiz depuis la dernière actualisation